00857cam a2200193Ia 4500020001500000040000800015082002600023245010500049300004000154500008800194500016500282650003600447650002600483650002400509700001800533710005300551710002000604710003900624 a0942717627 cIWA aBRO ETH 1994 C077 Or.00aEthnoveterinary medicine in Asia :ban information kit on traditional animal health care practices / a4 volumes :billustrations ;c21 cm aCollaborating organizations, Brot f©ơr die Welt (Bread for the World) and others aThe manuals are the result of a workshop initiated by staff members of IIRR and the Philippine Program of Heifer Project International, held on July 11-24, 1994 0aVeterinary alternative medicine 0aTraditional medicine. 0aVeterinary medicine1 aAbbass, David2 aInternational Institute of Rural Reconstruction.2 aHeifer Project.2 aBread for the World (Organization)